000 00641cam a22002053a 4500
001 39107
003 PGUSA
005 20140828083851.0
008 120311s2012||||xxu|||||s|||||000 | eng d
040 _aPGUSA
_beng
042 _adc
245 1 0 _aNoções botanicas das especies de Nicociana mais usadas nas fabricas de tabaco, e da sua cultura
_h[electronic resource]
260 _bProject Gutenberg,
_c2012
506 _aPublic domain in the USA.
516 _aElectronic text
700 1 _aBrotero, Félix de Avelar,
_d1744-1828
830 0 _aProject Gutenberg
_v39107
856 4 0 _uhttp://www.gutenberg.org/ebooks/39107
942 _cEB
999 _c268360
_d268360